[Event "Voronezh op-A 23rd"]
[Site "Voronezh"]
[Date "2019.06.18"]
[Round "6"]
[White "Shoboev, Dandar"]
[Black "Pogosian, Georgy"]
[Result "1-0"]
[WhiteElo "2288"]
[BlackElo "2070"]
[PlyCount "49"]
[EventDate "2019.06.12"]
[EventType "swiss"]
[EventRounds "9"]
[EventCountry "RUS"]
[SourceTitle "EXT 2020"]
[Source "ChessBase"]
[SourceDate "2019.10.17"]
[SourceVersion "1"]
[SourceVersionDate "2019.10.17"]
[SourceQuality "1"]

1. d4 d5 2. c4 e6 3. Nf3 Nf6 4. g3 Bb4+ 5. Bd2 Be7 6. Bg2 0-0 7. 0-0 c6 8. Qc2 Nbd7 9. Bf4 Nh5 10. Bc1 f5 11. b3 Nhf6 12. Ba3 Bxa3 13. Nxa3 Qe7 14. Qb2 b6 15. b4 Bb7 16. Rac1 a5 17. b5 Qb4 18. Qb3 cxb5 19. cxb5 Qxb3 20. axb3 Rfc8 21. Ng5 Nf8 22. Nc4 h6 23. Nxb6 hxg5 24. Rxc8 Rxc8 25. Nxc8 1-0

[Event "Voronezh op-A 23rd"]
[Site "Voronezh"]
[Date "2019.06.14"]
[Round "3"]
[White "Pogosian, Georgy"]
[Black "Pogorelskikh, Sergey"]
[Result "0-1"]
[WhiteElo "2070"]
[BlackElo "2299"]
[PlyCount "76"]
[EventDate "2019.06.12"]
[EventType "swiss"]
[EventRounds "9"]
[EventCountry "RUS"]
[SourceTitle "EXT 2020"]
[Source "ChessBase"]
[SourceDate "2019.10.17"]
[SourceVersion "1"]
[SourceVersionDate "2019.10.17"]
[SourceQuality "1"]

1. d4 Nf6 2. c4 g6 3. Nc3 Bg7 4. e4 d6 5. Be2 0-0 6. Nf3 Na6 7. 0-0 e5 8. d5 Nc5 9. Qc2 a5 10. Bg5 h6 11. Be3 b6 12. Nd2 Bg4 13. Rae1 Bxe2 14. Rxe2 Ng4 15. Bxc5 bxc5 16. Nb5 h5 17. f3 Nf6 18. g3 h4 19. Rg2 Nh5 20. Qd3 Bh6 21. Re1 Bg5 22. a4 Qd7 23. Nf1 Kg7 24. Ree2 f5 25. exf5 Rxf5 26. Rgf2 Rf7 27. Re4 hxg3 28. hxg3 Nf6 29. Ree2 Raf8 30. Nc3 Rb8 31. f4 exf4 32. gxf4 Qg4+ 33. Qg3 Bh4 34. Qxg4 Bxf2+ 35. Kxf2 Nxg4+ 36. Kg3 Nf6 37. Rf2 Nh5+ 38. Kg4 Rxf4+ 0-1

[Event "Orsha op"]
[Site "Orsha"]
[Date "2019.01.23"]
[Round "8"]
[White "Pogosian, Georgy"]
[Black "Galkin, Gleb"]
[Result "0-1"]
[WhiteElo "2090"]
[BlackElo "2156"]
[PlyCount "40"]
[EventDate "2019.01.18"]
[EventType "swiss"]
[EventRounds "9"]
[EventCountry "BLR"]
[SourceTitle "CBM 188 Extra"]
[Source "ChessBase"]
[SourceDate "2019.02.26"]
[SourceVersion "1"]
[SourceVersionDate "2019.02.26"]
[SourceQuality "1"]

1. d4 d5 2. Nf3 Nf6 3. c4 e6 4. Nc3 Be7 5. Bf4 0-0 6. e3 c5 7. cxd5 Nxd5 8. Nxd5 Qxd5 9. dxc5 Qxc5 10. Bd3 Qa5+ 11. Ke2 Nc6 12. a3 Bf6 13. Qc2 h6 14. h4 Qb6 15. Rab1 e5 16. Bg5 Bg4 17. Bxf6 gxf6 18. Bf5 Bxf5 19. Qxf5 Qa6+ 20. Qd3 e4 0-1

[Event "Orsha op"]
[Site "Orsha"]
[Date "2019.01.22"]
[Round "7"]
[White "Pogosian, Georgy"]
[Black "Cherepov, Alexej"]
[Result "1/2-1/2"]
[WhiteElo "2090"]
[BlackElo "2226"]
[PlyCount "53"]
[EventDate "2019.01.18"]
[EventType "swiss"]
[EventRounds "9"]
[EventCountry "BLR"]
[SourceTitle "CBM 188 Extra"]
[Source "ChessBase"]
[SourceDate "2019.02.26"]
[SourceVersion "1"]
[SourceVersionDate "2019.02.26"]
[SourceQuality "1"]

1. c4 b6 2. Nc3 Bb7 3. d4 e6 4. a3 f5 5. d5 Nf6 6. g3 Bd6 7. Bg2 0-0 8. Nh3 Be5 9. 0-0 Bxc3 10. bxc3 Na6 11. Be3 c6 12. dxe6 dxe6 13. Nf4 Qe7 14. h3 e5 15. Nd3 e4 16. Nc1 Nc5 17. Nb3 Nxb3 18. Qxb3 c5 19. a4 Ba6 20. a5 Qe6 21. Ra4 b5 22. Raa1 Rfc8 23. Rfd1 bxc4 24. Qa3 Qe7 25. Rd2 Rc7 26. Rad1 Rb8 27. Rd6 1/2-1/2

[Event "Minsk Amateur op"]
[Site "Minsk"]
[Date "2018.06.25"]
[Round "1"]
[White "Pogosian, Georgy"]
[Black "Voloshkin, Daniil"]
[Result "1-0"]
[WhiteElo "2142"]
[BlackElo "1396"]
[PlyCount "77"]
[EventDate "2018.06.25"]
[EventType "swiss"]
[EventRounds "9"]
[EventCountry "BLR"]
[SourceTitle "CBM 185 Extra"]
[Source "ChessBase"]
[SourceDate "2018.07.29"]
[SourceVersion "1"]
[SourceVersionDate "2018.07.29"]
[SourceQuality "1"]

1. d4 Nf6 2. Nc3 d5 3. Bf4 e6 4. e3 Bb4 5. Bd3 Bxc3+ 6. bxc3 0-0 7. Nf3 c5 8. dxc5 Qa5 9. 0-0 Qxc5 10. c4 h6 11. cxd5 Nxd5 12. Bg3 Re8 13. c4 Nf6 14. Rb1 Bd7 15. Rxb7 Bc6 16. Rxb8 Raxb8 17. Bxb8 Rxb8 18. Nd4 Bd7 19. Qc2 e5 20. Nb3 Qa3 21. Rb1 Ba4 22. Qb2 Qxb2 23. Rxb2 Nd7 24. Rb1 Bxb3 25. axb3 Nc5 26. Bc2 Rb4 27. Kf1 Kf8 28. Ke2 Ke7 29. Kd2 Kd6 30. Kc3 a5 31. Ra1 Nb7 32. Rd1+ Kc7 33. Rd5 f6 34. Bf5 Kc6 35. Rxa5 Rxb3+ 36. Kxb3 Nxa5+ 37. Kb4 Kb6 38. c5+ Ka6 39. Bd3+ 1-0

[Event "RUS-chT2"]
[Site "Sochi"]
[Date "2018.05.08"]
[Round "7.8"]
[White "Shkurkin, Andrey"]
[Black "Pogosian, Georgy"]
[Result "1-0"]
[WhiteElo "2239"]
[BlackElo "2155"]
[PlyCount "57"]
[EventDate "2018.05.01"]
[EventType "team-swiss"]
[EventRounds "9"]
[EventCountry "RUS"]
[SourceTitle "CBM 184 Extra"]
[Source "ChessBase"]
[SourceDate "2018.06.28"]
[SourceVersion "1"]
[SourceVersionDate "2018.06.28"]
[SourceQuality "1"]
[WhiteTeam "Tula Region"]
[BlackTeam "Smolensk Region Monastyr"]
[WhiteTeamCountry "RUS"]
[BlackTeamCountry "RUS"]

1. d4 Nf6 2. c4 e6 3. g3 c5 4. Nf3 cxd4 5. Nxd4 d5 6. Bg2 e5 7. Nf3 d4 8. 0-0 Nc6 9. e3 Bc5 10. exd4 exd4 11. Re1+ Be6 12. Bf4 0-0 13. Nbd2 a6 14. Rc1 Qd7 15. Nb3 Bb4 16. Bd2 Be7 17. Na5 Nb4 18. Ne5 Qc7 19. Qa4 b6 20. Nb3 a5 21. a3 Na6 22. Bxa8 Rxa8 23. Qc6 Qd8 24. Nxd4 Bh3 25. Qf3 Bd6 26. Ndc6 Qc8 27. Bg5 Be6 28. Rcd1 Bf8 29. Rd8 1-0

[Event "RUS-chT2"]
[Site "Sochi"]
[Date "2018.05.07"]
[Round "6.6"]
[White "Pogosian, Georgy"]
[Black "Golubeva, Oksana"]
[Result "0-1"]
[WhiteElo "2155"]
[BlackElo "2177"]
[PlyCount "134"]
[EventDate "2018.05.01"]
[EventType "team-swiss"]
[EventRounds "9"]
[EventCountry "RUS"]
[SourceTitle "CBM 184 Extra"]
[Source "ChessBase"]
[SourceDate "2018.06.28"]
[SourceVersion "1"]
[SourceVersionDate "2018.06.28"]
[SourceQuality "1"]
[WhiteTeam "Smolensk Region Monastyr"]
[BlackTeam "Moscow Gogol Mogol"]
[WhiteTeamCountry "RUS"]
[BlackTeamCountry "RUS"]

1. d4 d5 2. Nf3 Nf6 3. c4 e6 4. g3 dxc4 5. Bg2 c5 6. 0-0 Nc6 7. dxc5 Qxd1 8. Rxd1 Bxc5 9. Nbd2 c3 10. bxc3 Bd7 11. Nb3 Bb6 12. Nfd4 Ng4 13. e3 Nge5 14. Nb5 Nc4 15. Nd6+ Nxd6 16. Rxd6 Bc7 17. Rd1 Be5 18. Ba3 0-0-0 19. Rac1 g5 20. f4 gxf4 21. gxf4 Bc7 22. Nc5 Bb6 23. Kf2 Rhg8 24. Bf3 Bxc5 25. Bxc5 e5 26. Bd6 f6 27. c4 Be6 28. c5 Bxa2 29. Ra1 Bb3 30. Rdb1 Bc2 31. Rb2 e4 32. Bg2 Rxg2+ 33. Kxg2 Bd3 34. Kf2 Rd7 35. Rg1 Bc4 36. Rc2 Be6 37. Rcc1 a5 38. Rb1 a4 39. Ra1 Bb3 40. h4 b5 41. f5 Nb4 42. Rg4 Nd3+ 43. Ke2 Bd5 44. Kd2 Kb7 45. Kc3 Kc6 46. Kd4 Bc4 47. Kxe4 Nf2+ 48. Kf4 Nxg4 49. Kxg4 Rg7+ 50. Kf4 Be2 51. e4 Rg4+ 52. Ke3 Bc4 53. Be7 Rxh4 54. Bxf6 Rh3+ 55. Kf4 a3 56. e5 Bd5 57. e6 Rf3+ 58. Ke5 Re3+ 59. Kf4 Re4+ 60. Kg5 b4 61. Bh8 Kxc5 62. Kf6 b3 63. Ke7 b2 64. Rb1 Re2 65. Kd7 Be4 66. Rxb2 axb2 67. Bxb2 Bxf5 0-1

[Event "Voronezh op-A 21st"]
[Site "Voronezh"]
[Date "2017.06.18"]
[Round "6"]
[White "Pogosian, Georgy"]
[Black "Sarvesh Kumar, A."]
[Result "1-0"]
[WhiteElo "2211"]
[BlackElo "1905"]
[PlyCount "93"]
[EventDate "2017.06.12"]
[EventType "swiss"]
[EventRounds "9"]
[EventCountry "RUS"]
[SourceTitle "EXT 2018"]
[Source "ChessBase"]
[SourceDate "2017.10.13"]
[SourceVersion "1"]
[SourceVersionDate "2017.10.13"]
[SourceQuality "1"]

1. d4 Nf6 2. Nf3 e6 3. g3 b6 4. Bg2 Bb7 5. 0-0 c5 6. c4 d6 7. Nc3 Be7 8. d5 e5 9. e4 0-0 10. Ne1 Nbd7 11. Nd3 Re8 12. f4 Bf8 13. Bd2 a6 14. a4 Qc7 15. a5 h6 16. axb6 Qxb6 17. f5 g6 18. Be3 Qc7 19. g4 g5 20. Bf3 Nh7 21. Qd2 Reb8 22. h4 f6 23. Kg2 Nb6 24. b3 Bc8 25. hxg5 fxg5 26. Qa2 Nd7 27. Rfb1 Nb6 28. Be2 a5 29. Nb2 Qf7 30. Nba4 Nxa4 31. Qxa4 Bd7 32. Qa2 Be7 33. Qd2 Bd8 34. Ra3 a4 35. bxa4 Rxb1 36. Nxb1 Rxa4 37. Rxa4 Bxa4 38. Qa2 Bd7 39. Qa8 Qe8 40. Nc3 Nf6 41. Bf3 Bc7 42. Qa6 Kf7 43. Nb5 Qb8 44. Kg3 Bxb5 45. cxb5 Qb6 46. Qc8 Qb8 47. Qe6+ 1-0

[Event "Voronezh op-A 21st"]
[Site "Voronezh"]
[Date "2017.06.15"]
[Round "4"]
[White "Pogosian, Georgy"]
[Black "Ageichenko, Genadi A"]
[Result "0-1"]
[WhiteElo "2211"]
[BlackElo "2279"]
[PlyCount "100"]
[EventDate "2017.06.12"]
[EventType "swiss"]
[EventRounds "9"]
[EventCountry "RUS"]
[SourceTitle "EXT 2018"]
[Source "ChessBase"]
[SourceDate "2017.10.13"]
[SourceVersion "1"]
[SourceVersionDate "2017.10.13"]
[SourceQuality "1"]

1. c4 Nf6 2. Nc3 e5 3. Nf3 Nc6 4. d4 exd4 5. Nxd4 Bb4 6. Bg5 h6 7. Bh4 Bxc3+ 8. bxc3 d6 9. e3 0-0 10. Be2 Re8 11. 0-0 Bd7 12. Rb1 Rb8 13. Qc2 b6 14. Rfd1 Qe7 15. Nxc6 Bxc6 16. Rd4 Qe6 17. Bxf6 Qxf6 18. Rbd1 Qe5 19. Qb2 Re6 20. Bf1 Rbe8 21. Qa3 a5 22. Qb2 Rg6 23. Qd2 Bf3 24. g3 Bxd1 25. Qxd1 Qc5 26. Qa4 c6 27. Rd5 b5 28. Rxc5 bxa4 29. Rxa5 Rb8 30. Rxa4 Rb1 31. Kg2 Rd1 32. Be2 Rd2 33. Bf3 Rf6 34. Ra8+ Kh7 35. a4 g5 36. g4 h5 37. h3 h4 38. Be4+ Kg7 39. Bf5 Rh6 40. Ra7 Rh8 41. Rb7 Ra8 42. c5 d5 43. Rb4 Ra5 44. c4 Rxc5 45. cxd5 cxd5 46. Rb7 d4 47. exd4 Rxd4 48. Rb2 Rxa4 49. Re2 Rc3 50. Re1 Ra2 0-1

[Event "RUS-chT2"]
[Site "Sochi"]
[Date "2017.05.03"]
[Round "3.6"]
[White "Pogosian, Georgy"]
[Black "Rozhko, Dmitry"]
[Result "1/2-1/2"]
[WhiteElo "2204"]
[BlackElo "2351"]
[PlyCount "86"]
[EventDate "2017.05.01"]
[EventType "team-swiss"]
[EventRounds "9"]
[EventCountry "RUS"]
[SourceTitle "CBM 178 Extra"]
[Source "ChessBase"]
[SourceDate "2017.06.22"]
[SourceVersion "1"]
[SourceVersionDate "2017.06.22"]
[SourceQuality "1"]
[WhiteTeam "Orel Full Metal Jacket"]
[BlackTeam "Stavropol Region"]
[WhiteTeamCountry "RUS"]
[BlackTeamCountry "RUS"]

1. e4 c6 2. d4 d5 3. exd5 cxd5 4. c4 Nf6 5. Nc3 g6 6. cxd5 Bg7 7. Qb3 0-0 8. Be2 Nbd7 9. Bf3 Nb6 10. Nge2 Bg4 11. Bxg4 Nxg4 12. Bf4 Nf6 13. d6 exd6 14. 0-0 Nh5 15. Be3 d5 16. Rac1 Qd7 17. Rfd1 Rfc8 18. Nf4 Nxf4 19. Bxf4 Rc6 20. Qb5 h5 21. Qd3 Qg4 22. Be3 Re8 23. b3 Rec8 24. h3 Qh4 25. Ne2 Qe4 26. Rxc6 Rxc6 27. Qxe4 dxe4 28. d5 Rd6 29. Bxb6 axb6 30. g4 h4 31. Kg2 f5 32. f3 Kf7 33. fxe4 fxe4 34. g5 Rd8 35. Kf2 Bf8 36. Nf4 Rc8 37. Ke3 Be7 38. Kxe4 Bxg5 39. Ne6 Bf6 40. Rf1 Ke7 41. Nf4 Kf7 42. Ne6 Ke7 43. Nf4 Kf7 1/2-1/2

[Event "Voronezh op-A 20th"]
[Site "Voronezh"]
[Date "2016.06.20"]
[Round "9"]
[White "Pogosian, Georgy"]
[Black "Shkurkin, Andrey"]
[Result "0-1"]
[WhiteElo "2206"]
[BlackElo "2252"]
[PlyCount "82"]
[EventDate "2016.06.12"]
[EventType "swiss"]
[EventRounds "9"]
[EventCountry "RUS"]
[SourceTitle "EXT 2019"]
[Source "ChessBase"]
[SourceDate "2018.10.10"]
[SourceVersion "1"]
[SourceVersionDate "2018.10.10"]
[SourceQuality "1"]

1. c4 d6 2. Nc3 e5 3. g3 g6 4. Bg2 Bg7 5. Nf3 f5 6. d3 Nf6 7. 0-0 0-0 8. Rb1 a5 9. a3 h6 10. b4 axb4 11. axb4 Be6 12. Bb2 Nbd7 13. b5 c6 14. Ra1 Qc7 15. Qb3 d5 16. cxd5 cxd5 17. Nh4 Nc5 18. Qb4 Kh7 19. b6 Qd6 20. Na4 Nfd7 21. Nf3 Rfc8 22. d4 Ne4 23. Qxd6 Nxd6 24. dxe5 Nc4 25. Bd4 Ndxe5 26. Nxe5 Nxe5 27. e3 Nc4 28. Nc5 Rxa1 29. Nxe6 Rxf1+ 30. Kxf1 Bxd4 31. exd4 Nxb6 32. Nc5 Rc7 33. Ke2 Kg8 34. Ke3 Kf7 35. h4 Kf6 36. Kd3 Re7 37. Bf3 Rc7 38. Bg2 Ke7 39. Bh3 Nd7 40. Nb3 Nf6 41. h5 Nxh5 0-1

[Event "Voronezh op-A 20th"]
[Site "Voronezh"]
[Date "2016.06.18"]
[Round "7"]
[White "Pogosian, Georgy"]
[Black "Martynyuk, Elizaveta"]
[Result "0-1"]
[WhiteElo "2206"]
[BlackElo "1999"]
[PlyCount "112"]
[EventDate "2016.06.12"]
[EventType "swiss"]
[EventRounds "9"]
[EventCountry "RUS"]
[SourceTitle "EXT 2019"]
[Source "ChessBase"]
[SourceDate "2018.10.10"]
[SourceVersion "1"]
[SourceVersionDate "2018.10.10"]
[SourceQuality "1"]

1. c4 c6 2. e4 d5 3. exd5 cxd5 4. cxd5 Nf6 5. Qa4+ Nbd7 6. Nc3 g6 7. Bc4 Bg7 8. Nf3 0-0 9. d3 Nb6 10. Qb3 Qd6 11. Be3 Bg4 12. Nd4 Rad8 13. h3 Nbxd5 14. Nxd5 Nxd5 15. hxg4 Nxe3 16. fxe3 Qg3+ 17. Kd2 Bxd4 18. exd4 Qf2+ 19. Kc1 Qxg2 20. Qd1 b5 21. Bb3 Rxd4 22. Rf1 Rxg4 23. a4 Rb4 24. Rg1 Qh2 25. Re1 bxa4 26. Rxa4 Rxa4 27. Bxa4 Qd6 28. Bb3 e6 29. Bc4 Rb8 30. Rf1 Qd4 31. Qc2 h5 32. Qd2 Rb7 33. Qg2 Rc7 34. Kb1 Kg7 35. Qg3 Rb7 36. Rf2 h4 37. Qh2 g5 38. Qg2 Kg6 39. Rf1 Rb6 40. Re1 h3 41. Qh2 f5 42. b3 g4 43. Qg3 Kg5 44. Qc7 Qc3 45. Qe7+ Kf4 46. Rf1+ Kg3 47. Qc7+ e5 48. Rc1 Qd4 49. Re1 f4 50. Rxe5 h2 51. Re1 Qg1 52. Qe5 h1Q 53. Rxg1+ Qxg1+ 54. Kc2 Rh6 55. Kb2 Qe3 56. Qc7 Qd4+ 0-1

[Event "Voronezh op-A 20th"]
[Site "Voronezh"]
[Date "2016.06.14"]
[Round "3"]
[White "Pogosian, Georgy"]
[Black "Tsydypov, Zhamsaran"]
[Result "0-1"]
[WhiteElo "2206"]
[BlackElo "2438"]
[PlyCount "88"]
[EventDate "2016.06.12"]
[EventType "swiss"]
[EventRounds "9"]
[EventCountry "RUS"]
[SourceTitle "EXT 2019"]
[Source "ChessBase"]
[SourceDate "2018.10.10"]
[SourceVersion "1"]
[SourceVersionDate "2018.10.10"]
[SourceQuality "1"]

1. Nf3 c5 2. c4 Nc6 3. Nc3 e5 4. e3 Nf6 5. d4 d6 6. dxc5 dxc5 7. Qxd8+ Kxd8 8. Bd2 Bf5 9. 0-0-0 Bd6 10. Nh4 Be6 11. Be2 Kc8 12. h3 g5 13. Nf3 h6 14. Bd3 Nb4 15. Be2 e4 16. Ne1 Be5 17. a3 Nc6 18. b3 Rd8 19. g4 Kc7 20. f3 exf3 21. Nb5+ Kb6 22. Nxf3 Ne4 23. Nxe5 Nxe5 24. Bc3 f6 25. Bxe5 fxe5 26. Bf3 a6 27. Bxe4 axb5 28. cxb5 Bxb3 29. Rxd8 Rxd8 30. Rf1 Kxb5 31. Bxb7 Ka4 32. Kb2 Rd2+ 33. Kc3 Rc2+ 34. Kd3 Kxa3 35. Rf6 c4+ 36. Ke4 Re2 37. Ba6 Kb4 38. Rxh6 Bc2+ 39. Kxe5 Rxe3+ 40. Kf6 c3 41. Kxg5 Be4 42. Rf6 c2 43. Rf1 Rxh3 44. Bc8 Rh1 0-1

[Event "Voronezh op-A 20th"]
[Site "Voronezh"]
[Date "2016.06.12"]
[Round "1"]
[White "Pogosian, Georgy"]
[Black "Domogaev, Sergey"]
[Result "1/2-1/2"]
[WhiteElo "2206"]
[BlackElo "2419"]
[PlyCount "87"]
[EventDate "2016.06.12"]
[EventType "swiss"]
[EventRounds "9"]
[EventCountry "RUS"]
[SourceTitle "EXT 2019"]
[Source "ChessBase"]
[SourceDate "2018.10.10"]
[SourceVersion "1"]
[SourceVersionDate "2018.10.10"]
[SourceQuality "1"]

1. d4 Nf6 2. c4 g6 3. Nc3 Bg7 4. e4 0-0 5. Nf3 d6 6. Be2 e5 7. 0-0 Nbd7 8. d5 Nc5 9. Qc2 a5 10. Bg5 h6 11. Be3 Ng4 12. Bxc5 dxc5 13. h3 Nf6 14. Nxe5 Nxd5 15. cxd5 Bxe5 16. f4 Bd4+ 17. Kh2 Bd7 18. e5 Qh4 19. Bb5 c6 20. dxc6 bxc6 21. Bc4 Kg7 22. Rae1 Rad8 23. Ne4 Bf5 24. Bd3 Qe7 25. b3 a4 26. bxa4 Qa7 27. Nd6 Bxd3 28. Qxd3 Qxa4 29. f5 Qxa2 30. fxg6 fxg6 31. Rxf8 Rxf8 32. Qe4 Qe6 33. Kh1 h5 34. Qxc6 Bxe5 35. Qb7+ Kg8 36. Ne4 Bd4 37. Qb1 Qf5 38. Qc1 Qf4 39. Qc4+ Qf7 40. Qc1 Qf5 41. Qh6 Be5 42. Qc1 Rc8 43. Qc4+ Qf7 44. Qa6 1/2-1/2

[Event "RUS-chT2"]
[Site "Sochi"]
[Date "2016.05.10"]
[Round "9.9"]
[White "Kovalev, Egor"]
[Black "Pogosian, Georgy"]
[Result "0-1"]
[WhiteElo "2207"]
[BlackElo "2184"]
[PlyCount "76"]
[EventDate "2016.05.01"]
[EventType "team-swiss"]
[EventRounds "9"]
[EventCountry "RUS"]
[SourceTitle "EXT 2018"]
[Source "ChessBase"]
[SourceDate "2017.10.13"]
[SourceVersion "1"]
[SourceVersionDate "2017.10.13"]
[SourceQuality "1"]
[WhiteTeam "Moscow Youth"]
[BlackTeam "Desnogorsk Atom"]
[WhiteTeamCountry "RUS"]
[BlackTeamCountry "RUS"]

1. Nf3 Nf6 2. g3 d5 3. Bg2 c6 4. c4 Bf5 5. d4 e6 6. Nc3 h6 7. Qb3 Qb6 8. c5 Qc7 9. Bf4 Qc8 10. 0-0 Nbd7 11. Ne5 Be7 12. Nxd7 Qxd7 13. Rad1 0-0 14. f3 g5 15. Bc1 b6 16. cxb6 axb6 17. h4 Qc7 18. hxg5 hxg5 19. e4 Bg6 20. e5 Nh5 21. Ne2 c5 22. f4 cxd4 23. Nxd4 Bc5 24. Kh2 Kg7 25. f5 Rh8 26. Bh3 Qxe5 27. Rfe1 Qf6 28. Nxe6+ fxe6 29. Rxe6 Qxf5 30. Re7+ Kf8 31. Be3 Qc2+ 32. Qxc2 Bxc2 33. Bxc5 bxc5 34. Rde1 Be4 35. Re5 g4 36. Rf1+ Bf3 37. Bxg4 Nf6+ 38. Kg1 Rh1+ 0-1

[Event "RUS-chT2"]
[Site "Sochi"]
[Date "2016.05.09"]
[Round "8.11"]
[White "Pogosian, Georgy"]
[Black "Mestnikov, Aisen"]
[Result "1-0"]
[WhiteElo "2184"]
[BlackElo "2197"]
[PlyCount "101"]
[EventDate "2016.05.01"]
[EventType "team-swiss"]
[EventRounds "9"]
[EventCountry "RUS"]
[SourceTitle "EXT 2018"]
[Source "ChessBase"]
[SourceDate "2017.10.13"]
[SourceVersion "1"]
[SourceVersionDate "2017.10.13"]
[SourceQuality "1"]
[WhiteTeam "Desnogorsk Atom"]
[BlackTeam "Sakha Republic Yakutia"]
[WhiteTeamCountry "RUS"]
[BlackTeamCountry "RUS"]

1. c4 c6 2. d4 d5 3. Nf3 Nf6 4. Nc3 e6 5. Qd3 Nbd7 6. e4 Bb4 7. e5 Ne4 8. Bd2 Nxd2 9. Qxd2 dxc4 10. Bxc4 Nb6 11. Bd3 Nd5 12. 0-0 h6 13. a3 Be7 14. Rfe1 b6 15. Re4 g5 16. h4 Rg8 17. hxg5 hxg5 18. Rg4 Nxc3 19. bxc3 Bb7 20. a4 c5 21. Bb5+ Kf8 22. Qe3 Rc8 23. Bf1 cxd4 24. cxd4 Bxf3 25. Qxf3 Rh8 26. Rd1 Qd5 27. Qe3 f5 28. exf6 Bd6 29. Ba6 Bh2+ 30. Kf1 Bf4 31. Qa3+ Bd6 32. Qd3 Rc7 33. Bb5 Bb4 34. Qg6 Rh1+ 35. Ke2 Qa2+ 36. Kf3 Rc3+ 37. Rd3 Qd5+ 38. Qe4 Rxd3+ 39. Bxd3 Qxe4+ 40. Rxe4 Re1 41. Be2 Bc3 42. Kg4 Bxd4 43. Rxd4 Rxe2 44. Kxg5 Rxf2 45. g4 e5 46. Rd8+ Kf7 47. Rd7+ Ke6 48. Re7+ Kd6 49. Rxa7 e4 50. Re7 Kd5 51. Kg6 1-0

[Event "Voronezh op-A 19th"]
[Site "Voronezh"]
[Date "2015.06.19"]
[Round "8"]
[White "Pogosian, Georgy"]
[Black "Nesterov, Arseniy"]
[Result "0-1"]
[WhiteElo "2227"]
[BlackElo "2059"]
[PlyCount "154"]
[EventDate "2015.06.12"]
[EventType "swiss"]
[EventRounds "9"]
[EventCountry "RUS"]
[SourceTitle "CBM 167 Extra"]
[Source "ChessBase"]
[SourceDate "2015.09.14"]
[SourceVersion "1"]
[SourceVersionDate "2015.09.14"]
[SourceQuality "1"]

1. e4 e6 2. Nf3 d5 3. Nc3 Nf6 4. e5 Nfd7 5. d4 c5 6. dxc5 Bxc5 7. Bd3 Nc6 8. Bf4 f6 9. exf6 Qxf6 10. Bg3 0-0 11. 0-0 Nb6 12. Qd2 h6 13. a3 Nd4 14. Nxd4 Bxd4 15. Rae1 Bd7 16. Nb1 Bc6 17. c3 Bc5 18. b4 Be7 19. Be5 Qf7 20. Qe2 Nc4 21. Bd4 Bd7 22. Qg4 Bg5 23. Qe2 b5 24. f4 Bf6 25. Qf2 a5 26. Bc5 Rfc8 27. Qg3 Be7 28. Bxe7 Qxe7 29. f5 Rf8 30. fxe6 Rxf1+ 31. Bxf1 Bxe6 32. Bxc4 dxc4 33. Qe3 Re8 34. bxa5 Qd8 35. Qb6 Bf7 36. Rxe8+ Qxe8 37. Nd2 Bd5 38. Kf2 Kh7 39. a6 Qf8+ 40. Nf3 Qf5 41. Qe3 Bc6 42. h3 Qc2+ 43. Kg1 Qd1+ 44. Ne1 Qa4 45. Qb6 Qd1 46. Qf2 Be4 47. a7 Qd5 48. Nf3 Qd1+ 49. Kh2 Qd6+ 50. Qg3 Qxa3 51. Qb8 Qa2 52. Kg3 Qa3 53. Kf4 Bd5 54. h4 Qa6 55. h5 Qf6+ 56. Kg3 Qa6 57. Ne5 Qe6 58. Nf3 Qa6 59. Kf2 Qa2+ 60. Kg1 Qb1+ 61. Kh2 Qa2 62. Nh4 Qf2 63. Qg3 Qxg3+ 64. Kxg3 b4 65. Nf3 bxc3 66. Nd4 g6 67. hxg6+ Kxg6 68. Kf4 Bxg2 69. Ke3 h5 70. Ne2 c2 71. Kd2 Bc6 72. Kxc2 h4 73. Kc3 Kg5 74. Kxc4 h3 75. Ng3 h2 76. Kd3 Kg4 77. Ne4 Bxe4+ 0-1

[Event "RUS-chT2"]
[Site "Sochi"]
[Date "2015.05.03"]
[Round "3.7"]
[White "Pogosian, Georgy"]
[Black "Torbin, Kirill"]
[Result "0-1"]
[WhiteElo "2220"]
[BlackElo "2372"]
[PlyCount "62"]
[EventDate "2015.05.01"]
[EventType "team-swiss"]
[EventRounds "7"]
[EventCountry "RUS"]
[SourceTitle "CBM 166 Extra"]
[Source "ChessBase"]
[SourceDate "2015.06.18"]
[SourceVersion "1"]
[SourceVersionDate "2015.06.18"]
[SourceQuality "1"]
[WhiteTeam "Desnogorsk Atom"]
[BlackTeam "Kazan Ladya II"]
[WhiteTeamCountry "RUS"]
[BlackTeamCountry "RUS"]

1. d4 d5 2. Nf3 Nf6 3. c4 dxc4 4. e3 e6 5. Bxc4 a6 6. 0-0 c5 7. Bb3 Nc6 8. Nc3 cxd4 9. exd4 Na5 10. Bc2 b5 11. Re1 Bb7 12. Bg5 Be7 13. Qd3 Rc8 14. Ne5 Nd5 15. Qf3 0-0 16. Qh3 f5 17. Bxe7 Qxe7 18. Nxd5 Bxd5 19. Bb3 Nxb3 20. axb3 Qb4 21. Nd7 Rfd8 22. Nc5 Qxd4 23. Nxe6 Bxe6 24. Rxe6 Qxb2 25. Rae1 Rc1 26. Qe3 Rxe1+ 27. Qxe1 h6 28. g4 Qxb3 29. Re8+ Rxe8 30. Qxe8+ Kh7 31. h3 Qxh3 0-1